000 00352nam a2200133Ia 4500
005 20260328104318.0
008 260328s9999||||xx |||||||||||||| ||und||
100 _aCejka, Jan
245 0 _aTendencia de la Arquitectura Contemporánea /
_cJan Cejka
260 _bGustavo Gili
300 _a133 p.
650 _aARQUITECTURA CONTEMPORANEA
942 _cBK
999 _c11237
_d11237